000 00478nam a22001577a 4500
020 _a81-7141-711-6
082 _a576
_bYAD/G
100 _aYADAV, MANJU
245 _aGENETICS
250 _aREPRINT
260 _aDELHI
_bDISCOVERY PUBLISHING HOUSE
_c2004
300 _a461
520 _aTHE BOOK IS INTENDED FOR BEGINNERS WHO WISH TO UNDERSTAND THE FUNDEMANTALS OF GENETICS, ADEQUATE FOR STUDENTS FOR ALL INDIAN UNIVERSITIES
650 _aBIOLOGY REFERENCE
_zINDIA
942 _cBK
999 _c1414
_d1414